Blink-182’s top 15 hit songs - Statistics

General Stats
  • This quiz has been taken 199 times
  • The average score is 11 of 15
Answer Stats
Hint Answer % Correct
Enema of the state All the small things
98%
Enema of the state What’s my age again
89%
Blink-182 I miss you
87%
Take off your pants and jacket First date
85%
Dude ranch Dammit
83%
Enema of the state Adam’s song
77%
Take off your pants and jacket The rock show
77%
Blink-182 Feeling this
69%
Take off your pants and jacket Stay together for the kids
63%
Dude ranch Josie
60%
Blink-182 Always
59%
California Bored to death
56%
Buddha Carousel
56%
Blink-182 Down
56%
Neighborhoods Up all night
49%
No matching quizzes found
Score Distribution
Percent of People with Each Score
Percentile by Number Answered
Your Score History
You have not taken this quiz